[Event "The Tournament of Stars"]
[Site "Montreal CAN"]
[Date "1979.04.11"]
[Round "1"]
[White "Tal, Mikhail"]
[Black "Spassky, Boris"]
[Result "1-0"]
[WhiteElo "2615"]
[BlackElo "2640"]
[EventDate "1979.04.11"]
[PlyCount "63"]

1.Nf3 Nf6 2.c4 g6 3.Nc3 Bg7 4.e4 d6 5.d4 O-O 6.Be2 e5 7.O-O exd4 8.Nxd4 
Re8 9.f3 c6 10.Kh1 d5 11.cxd5 cxd5 12.Bg5 dxe4 13.fxe4 Nbd7 14.Ndb5 Re5 
15.Bf4 Nxe4 16.Bxe5 Bxe5 17.Nxe4 Qh4 18.h3 Qxe4 19.Qb3 Nf6 20.Bc4 Qh4 21.
Bxf7+ Kh8 22.Rf3 Bf5 23.Nc3 Ne4 24.Nxe4 Bxe4 25.Qc4 Rd8 26.Raf1 Kg7 27.Be6
Rd2 28.Qc5 Bxf3 29.Qxe5+ Qf6 30.Qxf6+ Kxf6 31.Bg4 Rxb2 32.Bxf3 1-0

[Event "The Tournament of Stars"]
[Site "Montreal CAN"]
[Date "1979.04.12"]
[Round "2"]
[White "Spassky, Boris"]
[Black "Kavalek, Lubomir"]
[Result "1-0"]
[WhiteElo "2640"]
[BlackElo "2590"]
[EventDate "1979.04.11"]
[PlyCount "116"]

1.d4 Nf6 2.c4 d6 3.Nc3 Nbd7 4.e4 e5 5.d5 Be7 6.Nf3 O-O 7.Be2 Nc5 8.Qc2 a5 
9.Be3 b6 10.h3 h6 11.O-O-O Nh7 12.g4 Ng5 13.Nd2 Nh7 14.Nf3 Ng5 15.Ne1 Nh7 
16.Ng2 Bg5 17.h4 Bxe3+ 18.Nxe3 g6 19.Rdf1 Bd7 20.Kb1 Qe7 21.f3 Kg7 22.Rf2 
Nf6 23.Qd2 Rae8 24.Bd1 Nh7 25.Bc2 Rb8 26.Nb5 Rbc8 27.Rfh2 Rh8 28.Rg1 Rhf8 
29.g5 h5 30.Nf5+ gxf5 31.exf5 Kh8 32.Rhg2 e4 33.fxe4 Qe5 34.g6 fxg6 35.
fxg6 Rf4 36.gxh7 Bg4 37.a3 Rcf8 38.Qd4 R8f7 39.Qxe5+ dxe5 40.Nc3 Kxh7 41.
Ka2 Nd7 42.Rd2 Rf2 43.Rg2 Rxg2 44.Rxg2 Nf8 45.b4 axb4 46.axb4 Kg7 47.c5 
bxc5 48.bxc5 Ng6 49.Rh2 Kf8 50.Ba4 Rf6 51.Kb3 Rf3 52.Kc4 Ke7 53.Rb2 Rf7 
54.d6+ cxd6 55.cxd6+ Kf8 56.Rd2 Bd7 57.Bxd7 Rxd7 58.Kd5 Ke8 1-0

[Event "The Tournament of Stars"]
[Site "Montreal CAN"]
[Date "1979.04.13"]
[Round "3"]
[White "Larsen, Bent"]
[Black "Karpov, Anatoly"]
[Result "1/2-1/2"]
[WhiteElo "2625"]
[BlackElo "2705"]
[EventDate "1979.04.11"]
[PlyCount "86"]

1.e4 c6 2.c4 d5 3.exd5 cxd5 4.cxd5 Nf6 5.Qa4+ Nbd7 6.Nc3 g6 7.d4 Bg7 8.Qb3
O-O 9.Bg5 Nb6 10.Bxf6 Bxf6 11.Nf3 Bg7 12.Be2 e6 13.dxe6 Bxe6 14.Qb5 a6 15.
Qb4 Nd5 16.Qxb7 Rb8 17.Qxa6 Rxb2 18.Nxd5 Qxd5 19.O-O Ra8 20.Qd3 Raxa2 21.
Rxa2 Qxa2 22.Re1 Bf8 23.Bf1 Bb4 24.Rc1 Rxf2 25.d5 Rxf1+ 26.Qxf1 Qxd5 27.
Kh1 Be7 28.Rd1 Qb7 29.Rb1 Qa7 30.Ra1 Qc5 31.Nd2 Kg7 32.Re1 Qd4 33.Qe2 Bf6 
34.Ne4 Bh4 35.Rd1 Qe5 36.Qf3 h5 37.Qc3 Qxc3 38.Nxc3 Bf6 39.Ne4 Be5 40.Kg1 
Bf5 41.Nc5 Bc7 42.Na6 Bf4 43.Nb4 Be6 1/2-1/2

[Event "The Tournament of Stars"]
[Site "Montreal CAN"]
[Date "1979.04.14"]
[Round "4"]
[White "Hort, Vlastimil"]
[Black "Timman, Jan"]
[Result "1/2-1/2"]
[WhiteElo "2600"]
[BlackElo "2625"]
[EventDate "1979.04.11"]
[PlyCount "107"]

1.d4 Nf6 2.c4 e6 3.g3 c5 4.d5 exd5 5.cxd5 d6 6.Nc3 g6 7.Bg2 Bg7 8.Nf3 O-O 
9.O-O Re8 10.Nd2 Nbd7 11.a4 a6 12.e4 Qc7 13.Qe2 Nb6 14.Qd3 Ng4 15.h3 Ne5 
16.Qc2 c4 17.Nd1 a5 18.Ne3 Bd7 19.Rd1 Qc5 20.Nb1 Nd3 21.Nc3 Rac8 22.Bd2 f5
23.exf5 Bxf5 24.Rf1 Ne1 25.Qd1 Nxg2 26.Kxg2 Bd3 27.Re1 Rf8 28.f4 Rce8 29.
Kh2 g5 30.fxg5 Nd7 31.Ng2 Rxe1 32.Qxe1 Ne5 33.Kh1 Rf1+ 34.Qxf1 Bxf1 35.
Rxf1 Nd3 36.Ne3 Qd4 37.Nf5 Nf2+ 38.Kg2 Qxd2 39.Rxf2 Qxg5 40.Ne4 Qd8 41.
Nfxd6 Qd7 42.Nf5 Kh8 43.d6 Qe6 44.Nc3 Be5 45.Nb5 Qd5+ 46.Kh2 Qd3 47.Kg2 h5
48.Nc3 Bxd6 49.Rf3 Qd2+ 50.Rf2 Qd3 51.Rf3 Qd2+ 52.Rf2 Qd3 53.Rf3 Qd2+ 54.
Rf2 1/2-1/2

[Event "The Tournament of Stars"]
[Site "Montreal CAN"]
[Date "1979.04.14"]
[Round "4"]
[White "Karpov, Anatoly"]
[Black "Spassky, Boris"]
[Result "1-0"]
[WhiteElo "2705"]
[BlackElo "2640"]
[EventDate "1979.04.11"]
[PlyCount "81"]

1.d4 Nf6 2.c4 e6 3.Nf3 d5 4.Nc3 Be7 5.Bf4 O-O 6.e3 c5 7.dxc5 Nc6 8.Qc2 Qa5
9.a3 Bxc5 10.Rd1 Be7 11.Nd2 Bd7 12.Be2 Rfc8 13.O-O Qd8 14.cxd5 exd5 15.Nf3
h6 16.Ne5 Be6 17.Nxc6 Rxc6 18.Bf3 Qb6 19.Be5 Ne4 20.Qe2 Nxc3 21.Bxc3 Rd8 
22.Rd3 Rcd6 23.Rfd1 R6d7 24.R1d2 Qb5 25.Qd1 b6 26.g3 Bf8 27.Bg2 Be7 28.Qh5
a6 29.h3 Qc6 30.Kh2 a5 31.f4 f6 32.Qd1 Qb5 33.g4 g5 34.Kh1 Qc6 35.f5 Bf7 
36.e4 Kg7 37.exd5 Qc7 38.Re2 b5 39.Rxe7 Rxe7 40.d6 Qc4 41.b3 1-0

[Event "The Tournament of Stars"]
[Site "Montreal CAN"]
[Date "1979.04.14"]
[Round "4"]
[White "Ljubojevic, Ljubomir"]
[Black "Kavalek, Lubomir"]
[Result "1-0"]
[WhiteElo "2590"]
[BlackElo "2590"]
[EventDate "1979.04.11"]
[PlyCount "112"]

1.e4 e6 2.d4 d5 3.Nc3 Bb4 4.e5 c5 5.a3 Bxc3+ 6.bxc3 Qa5 7.Bd2 Qa4 8.Qb1 a6
9.Nf3 Ne7 10.Qb3 Qxb3 11.cxb3 Nbc6 12.Bd3 Na5 13.Bc2 c4 14.b4 Nac6 15.O-O 
f5 16.h4 Bd7 17.a4 Nd8 18.g3 Nf7 19.Kg2 h6 20.h5 Kd8 21.Rh1 Kc7 22.Rag1 
Rag8 23.Kf1 g5 24.hxg6 Rxg6 25.Nh4 Rg7 26.f3 Ng5 27.Kf2 Rf8 28.Ng2 Ng8 29.
Rh4 Be8 30.Rgh1 b5 31.a5 Kd7 32.Rf4 Rgf7 33.Ne3 Kc6 34.Ke2 Bd7 35.Ng2 Be8 
36.g4 fxg4 37.fxg4 Kd7 38.Kf2 Ke7 39.Kg3 Rg7 40.Rxf8 Kxf8 41.Nf4 Bf7 42.
Rf1 Ke7 43.Kh4 Ke8 44.Nh5 Bxh5 45.Kxh5 Ne4 46.Bxe4 dxe4 47.Rf4 Rf7 48.Kg6 
Ne7+ 49.Kxh6 Rxf4 50.Bxf4 Nd5 51.Bc1 e3 52.Kg7 Ke7 53.g5 e2 54.Bd2 Ne3 55.
g6 Nf5+ 56.Kg8 Ke8 {57.g7 Ne7+ 58.Kh7 Kf7 59.Be1} 1-0

[Event "The Tournament of Stars"]
[Site "Montreal CAN"]
[Date "1979.04.19"]
[Round "7"]
[White "Hort, Vlastimil"]
[Black "Ljubojevic, Ljubomir"]
[Result "0-1"]
[WhiteElo "2600"]
[BlackElo "2590"]
[EventDate "1979.04.11"]
[PlyCount "90"]

1.e4 c5 2.Nf3 d6 3.d4 cxd4 4.Nxd4 Nf6 5.Nc3 a6 6.Be2 e5 7.Nb3 Be7 8.a4 Be6
9.O-O O-O 10.f4 exf4 11.Bxf4 Nc6 12.Kh1 Rc8 13.Bf3 Ne5 14.Nd5 Bxd5 15.exd5
Nfd7 16.c3 Bg5 17.Bg4 Bxf4 18.Rxf4 Rc4 19.Rxc4 Nxc4 20.Qd4 Nde5 21.Be2 Qc7
22.a5 Rc8 23.Nd2 Nxd2 24.Qxd2 Re8 25.h3 g6 26.Qd4 Nd7 27.Bf3 Qc5 28.Qxc5 
Nxc5 29.b4 Nd3 30.c4 Nxb4 31.Rb1 Nd3 32.Rxb7 Nc5 33.Rc7 h5 34.Kg1 Kf8 35.
Kf2 Rb8 36.Rc6 Ke7 37.Rc7+ Kf6 38.Ke3 Rb3+ 39.Kd2 Rb7 40.Rc8 Ke5 41.Kc3 
Rb3+ 42.Kc2 Kd4 43.Rc6 Rc3+ 44.Kd2 Ra3 45.Kc2 Ra2+ 0-1

[Event "The Tournament of Stars"]
[Site "Montreal CAN"]
[Date "1979.04.19"]
[Round "7"]
[White "Kavalek, Lubomir"]
[Black "Portisch, Lajos"]
[Result "1/2-1/2"]
[WhiteElo "2590"]
[BlackElo "2640"]
[EventDate "1979.04.11"]
[PlyCount "58"]

1.e4 e6 2.d4 d5 3.Nc3 Bb4 4.e5 c5 5.a3 Bxc3+ 6.bxc3 Qc7 7.Nf3 Ne7 8.a4 b6 
9.Bb5+ Bd7 10.O-O Bxb5 11.axb5 Nd7 12.Qd3 h6 13.Ba3 O-O 14.c4 dxc4 15.Qxc4
Rfc8 16.Qe2 Qb7 17.dxc5 bxc5 18.c4 a6 19.Rab1 axb5 20.Rxb5 Qc6 21.Bb2 Rcb8
22.Nd2 Rxb5 23.cxb5 Qd5 24.Rd1 Nf5 25.Nc4 Nd4 26.Bxd4 cxd4 27.Qf3 Ra4 28.
Qxd5 exd5 29.Nb2 Rb4 1/2-1/2

[Event "The Tournament of Stars"]
[Site "Montreal CAN"]
[Date "1979.04.19"]
[Round "7"]
[White "Spassky, Boris"]
[Black "Huebner, Robert"]
[Result "1/2-1/2"]
[WhiteElo "2640"]
[BlackElo "2595"]
[EventDate "1979.04.11"]
[PlyCount "45"]

1.d4 Nf6 2.Nf3 e6 3.Bg5 c5 4.e3 Be7 5.Nbd2 b6 6.Bd3 Bb7 7.c3 d5 8.O-O O-O 
9.Ne5 Nfd7 10.Bxe7 Qxe7 11.f4 Ba6 12.Bxa6 Nxa6 13.Qa4 Nab8 14.b4 Nxe5 15.
fxe5 Qd7 16.Qb3 cxb4 17.cxb4 Nc6 18.Rac1 Rac8 19.b5 Ne7 20.Qd3 Rc7 21.Nb3 
Rfc8 22.Rxc7 Rxc7 23.Rc1 1/2-1/2

[Event "The Tournament of Stars"]
[Site "Montreal CAN"]
[Date "1979.04.20"]
[Round "8"]
[White "Karpov, Anatoly"]
[Black "Ljubojevic, Ljubomir"]
[Result "1-0"]
[WhiteElo "2705"]
[BlackElo "2590"]
[EventDate "1979.04.11"]
[PlyCount "143"]

1.c4 c5 2.Nc3 Nf6 3.Nf3 d5 4.cxd5 Nxd5 5.d4 Nxc3 6.bxc3 g6 7.e4 Bg7 8.Be2 
O-O 9.O-O Bg4 10.Be3 Qa5 11.Qb3 cxd4 12.cxd4 Nc6 13.Rad1 Qb4 14.h3 Bxf3 
15.Bxf3 Rfc8 16.Qxb4 Nxb4 17.e5 Rc7 18.Rc1 Rac8 19.Rxc7 Rxc7 20.Rb1 Nxa2 
21.Ra1 Nb4 22.Rxa7 h5 23.Bf4 Nd3 24.Bg5 Rd7 25.Rxb7 Rxd4 26.e6 fxe6 27.
Rxe7 Rd6 28.Be4 e5 29.Rc7 Bf8 30.Be3 Nf4 31.Rc8 Kg7 32.g3 Ne6 33.Kg2 Be7 
34.Rb8 Bg5 35.Rb7+ Kf6 36.Ba7 Bd2 37.Rb3 Ba5 38.h4 Nd4 39.Rb7 Ne6 40.Be3 
Bc3 41.Rb3 Bd4 42.Bh6 Ng7 43.Bg5+ Kf7 44.Rb7+ Kg8 45.Be7 Ra6 46.Bd5+ Kh7 
47.Bg5 Rd6 48.Be4 Kg8 49.Rb8+ Kf7 50.Rc8 Ne6 51.Bh6 Bc5 52.Ra8 Rd8 53.Ra5 
Rd6 54.Bb1 Bd4 55.Ra8 Bc5 56.Ba2 Kf6 57.Rc8 Bd4 58.Re8 Ra6 59.Bc4 Rc6 60.
Bd3 Kf7 61.Ra8 Rd6 62.Be4 Bc5 63.Kf1 Rd1+ 64.Kg2 Rd6 65.Bb1 Bd4 66.Ra3 Nc7
67.Ba2+ Ke8 68.Rf3 Ne6 69.Bb1 Nc5 70.Rf8+ Ke7 71.Rg8 e4 72.Bf8+ 1-0

[Event "The Tournament of Stars"]
[Site "Montreal CAN"]
[Date "1979.04.24"]
[Round "10"]
[White "Hort, Vlastimil"]
[Black "Portisch, Lajos"]
[Result "1/2-1/2"]
[WhiteElo "2600"]
[BlackElo "2640"]
[EventDate "1979.04.11"]
[PlyCount "88"]

1.e4 e6 2.d4 d5 3.Nd2 c5 4.Ngf3 Nc6 5.exd5 exd5 6.Bb5 Bd6 7.dxc5 Bxc5 8.
O-O Ne7 9.Nb3 Bd6 10.Bg5 O-O 11.Re1 Qc7 12.c3 a6 13.Bd3 Bg4 14.h3 Bh5 15.
Be2 Rfe8 16.Bxe7 Nxe7 17.Nfd4 Bg6 18.Bd3 Nc6 19.Bxg6 Rxe1+ 20.Qxe1 hxg6 
21.Nf3 Rd8 22.Rd1 Ne5 23.Nxe5 Bxe5 24.Rd3 Bf6 25.Qd1 Qc4 26.g3 g5 27.a3 
Qb5 28.Rd2 g6 29.Nc1 Kg7 30.Ne2 Re8 31.Kg2 a5 32.Ng1 Rd8 33.Nf3 Rd6 34.Nh2
Qc6 35.Nf3 b5 36.Nd4 Qb7 37.b4 axb4 38.axb4 Rd8 39.Qe2 Rb8 40.Qd3 Qb6 41.
Qf3 Rd8 42.Kg1 Qb7 43.Kg2 Qb6 44.Nc2 Qc7 1/2-1/2

[Event "The Tournament of Stars"]
[Site "Montreal CAN"]
[Date "1979.04.24"]
[Round "10"]
[White "Ljubojevic, Ljubomir"]
[Black "Larsen, Bent"]
[Result "1/2-1/2"]
[WhiteElo "2590"]
[BlackElo "2625"]
[EventDate "1979.04.11"]
[PlyCount "83"]

1.e4 e6 2.d3 b5 3.d4 Bb7 4.Nd2 Nf6 5.e5 Nd5 6.Ngf3 a6 7.Nb3 Nc6 8.c3 Nb6 
9.Bd3 Be7 10.Qe2 d6 11.O-O dxe5 12.Nxe5 Nxe5 13.Qxe5 O-O 14.Qg3 Bd6 15.Bf4
Na4 16.Rab1 Bxf4 17.Qxf4 Bd5 18.Be4 c6 19.Rfe1 a5 20.Re3 Qf6 21.Qg4 g6 22.
Qe2 Rfb8 23.Nc1 Nb6 24.Bxd5 cxd5 25.Nd3 Nc4 26.Rf3 Qg5 27.a3 Qd2 28.Qf1 b4
29.axb4 axb4 30.Nxb4 Nxb2 31.Nc6 Rb3 32.Ne5 Rxc3 33.Rxf7 Rac8 34.Re7 Qxd4 
35.Rxe6 Qf4 36.Re1 d4 37.Qb5 Rc1 38.Re8+ Rxe8 39.Qxe8+ Kg7 40.Qe7+ Kg8 41.
Qe8+ Kg7 42.Qd7+ 1/2-1/2

[Event "The Tournament of Stars"]
[Site "Montreal CAN"]
[Date "1979.04.29"]
[Round "14"]
[White "Karpov, Anatoly"]
[Black "Portisch, Lajos"]
[Result "1/2-1/2"]
[WhiteElo "2705"]
[BlackElo "2640"]
[EventDate "1979.04.11"]
[PlyCount "77"]

1.e4 c6 2.Nc3 d5 3.Nf3 Bg4 4.h3 Bxf3 5.Qxf3 Nf6 6.d3 e6 7.Be2 Nbd7 8.Qg3 
g6 9.O-O Bg7 10.Bf4 Qb6 11.Rab1 O-O 12.Bf3 e5 13.Bd2 dxe4 14.dxe4 a5 15.
Rfd1 a4 16.Qh4 Qc5 17.Be3 Qe7 18.a3 Rfd8 19.Be2 Nc5 20.Bf1 Ne6 21.f3 b5 
22.Na2 Qb7 23.Nb4 c5 24.Nd3 Qc7 25.c3 c4 26.Nb4 Bf8 27.Qf2 Bc5 28.Bxc5 
Nxc5 29.Be2 Kg7 30.g3 h6 31.h4 h5 32.Qe3 Rac8 33.Kf1 Ra8 34.Ke1 Rac8 35.
Bf1 Ra8 36.Bh3 Nb3 37.Ke2 Rxd1 38.Kxd1 Qd8+ 39.Ke2 1/2-1/2

[Event "The Tournament of Stars"]
[Site "Montreal CAN"]
[Date "1979.05.01"]
[Round "15"]
[White "Spassky, Boris"]
[Black "Ljubojevic, Ljubomir"]
[Result "1-0"]
[WhiteElo "2640"]
[BlackElo "2590"]
[EventDate "1979.04.11"]
[PlyCount "89"]

1.e4 c5 2.Nf3 d6 3.d4 cxd4 4.Nxd4 Nf6 5.Nc3 a6 6.Bg5 e6 7.f4 b5 8.Bd3 Qb6 
9.e5 dxe5 10.fxe5 Nfd7 11.Nf3 Bb7 12.Qe2 Bb4 13.Bd2 Nc5 14.Be3 Nxd3+ 15.
cxd3 Bxf3 16.Qxf3 Qc6 17.Ke2 Qxf3+ 18.gxf3 Bxc3 19.bxc3 Nc6 20.f4 Kd7 21.
Rhb1 Rab8 22.Bc5 Rhc8 23.Bd6 Rb7 24.a4 Nd8 25.axb5 axb5 26.Kd2 f6 27.d4 
Nf7 28.Bb4 fxe5 29.fxe5 Nh6 30.Ra5 Nf5 31.Kd3 g6 32.Bc5 Rcb8 33.Ra6 Rc8 
34.Ke4 Rcc7 35.Kf4 h6 36.Ke4 g5 37.Rba1 Rc8 38.Rxe6 Rxc5 39.Kxf5 Rxc3 40.
Rxh6 Kc7 41.Rh7+ Kb6 42.Rxb7+ Kxb7 43.e6 Kc7 44.Ra7+ Kb6 45.Ra8 1-0

[Event "The Tournament of Stars"]
[Site "Montreal CAN"]
[Date "1979.05.02"]
[Round "16"]
[White "Ljubojevic, Ljubomir"]
[Black "Hort, Vlastimil"]
[Result "1-0"]
[WhiteElo "2590"]
[BlackElo "2600"]
[EventDate "1979.04.11"]
[PlyCount "108"]

1.e4 e6 2.d4 d5 3.Nc3 Bb4 4.e5 c5 5.a3 Bxc3+ 6.bxc3 Ne7 7.Nf3 b6 8.Rb1 Qc7
9.Bd3 Ba6 10.O-O Bxd3 11.cxd3 h6 12.a4 Nd7 13.Ba3 O-O 14.Re1 Rfe8 15.Re2 
Rec8 16.Reb2 Nc6 17.h4 Qd8 18.Re2 Kh8 19.Re3 Ne7 20.g4 Rc7 21.h5 Rac8 22.
Bb2 Qg8 23.Ne1 Qh7 24.Ng2 Nb8 25.Rf3 Kg8 26.Qd2 Nbc6 27.Qf4 Rf8 28.Ba3 c4 
29.Rd1 Na5 30.Bd6 Rd7 31.Nh4 cxd3 32.Bxe7 Rxe7 33.Ng6 Ree8 34.Nxf8 Rxf8 
35.Rdxd3 Nc4 36.Rg3 f6 37.Rdf3 Qb1+ 38.Kh2 Qe4 39.Qxe4 dxe4 40.Rf4 fxe5 
41.Rxf8+ Kxf8 42.g5 hxg5 43.Rxg5 exd4 44.cxd4 Nd2 45.Kg3 Nf3 46.Rg4 Nxd4 
47.Rxe4 Nf5+ 48.Kf4 Ke7 49.Rc4 Kf6 50.Rc7 a5 51.Rc8 e5+ 52.Kg4 Ne7 53.Rf8+
Ke6 54.Kg5 e4 1-0

[Event "The Tournament of Stars"]
[Site "Montreal CAN"]
[Date "1979.05.03"]
[Round "17"]
[White "Ljubojevic, Ljubomir"]
[Black "Karpov, Anatoly"]
[Result "0-1"]
[WhiteElo "2590"]
[BlackElo "2705"]
[EventDate "1979.04.11"]
[PlyCount "100"]

1.e4 e5 2.Nf3 Nc6 3.d4 exd4 4.Nxd4 Bc5 5.Nf5 Qf6 6.Nc3 Nge7 7.Ne3 O-O 8.g3
Ne5 9.f4 N5g6 10.Bg2 c6 11.O-O d5 12.Kh1 Bxe3 13.Bxe3 dxe4 14.Qc1 Bf5 15.
Nxe4 Bxe4 16.Bxe4 Rfe8 17.Re1 b6 18.c3 Nf5 19.Bf2 h5 20.Qc2 Nge7 21.Bf3 g6
22.Re5 Nd5 23.Rae1 Rxe5 24.Rxe5 Ng7 25.c4 Ne7 26.Qa4 g5 27.Qa3 Ne6 28.Bxh5
Rd8 29.Re2 gxf4 30.Qf3 Kf8 31.Qe4 fxg3 32.hxg3 Qh6 33.Qh4 Rd1+ 34.Kg2 Ng6 
35.Bxg6 Qxg6 36.c5 b5 37.Qh8+ Ke7 38.Qe5 Rd5 39.Qe3 Qb1 40.Qa3 Rh5 41.
Qxa7+ Kf6 42.Bg1 Rf5 43.Rf2 Qe4+ 44.Kf1 Nd4 45.Rxf5+ Qxf5+ 46.Bf2 Qf3 47.
Kg1 Qd1+ 48.Kh2 Qe2 49.Kg1 Nf3+ 50.Kg2 Nd2 0-1

[Event "The Tournament of Stars"]
[Site "Montreal CAN"]
[Date "1979.05.03"]
[Round "17"]
[White "Timman, Jan"]
[Black "Portisch, Lajos"]
[Result "1/2-1/2"]
[WhiteElo "2625"]
[BlackElo "2640"]
[EventDate "1979.04.11"]
[PlyCount "74"]

1.c4 e5 2.Nc3 Nf6 3.Nf3 Nc6 4.e3 Bb4 5.Qc2 O-O 6.Nd5 Re8 7.Qf5 d6 8.Nxf6+ 
gxf6 9.Qh5 d5 10.cxd5 Qxd5 11.Be2 Be6 12.a3 Be7 13.d3 Kh8 14.O-O Rg8 15.
Ne1 Na5 16.Bd2 Nb3 17.Rd1 Nxd2 18.Rxd2 f5 19.Nf3 Rad8 20.d4 e4 21.Ne5 b5 
22.Rc2 c5 23.Bxb5 Qb3 24.Qe2 cxd4 25.exd4 Qh3 26.f4 Rxg2+ 27.Qxg2 Rg8 28.
Bd7 Bd5 29.Bc6 Qe3+ 30.Kh1 Rxg2 31.Rxg2 Qxd4 32.Bxd5 Qxd5 33.Rc1 h6 34.Rc7
e3 35.Rxe7 Qd1+ 36.Rg1 Qd5+ 37.Rg2 Qd1+ 1/2-1/2